| 000 | 00723nam a2200205 i 4500 | ||
|---|---|---|---|
| 001 | 73658 | ||
| 003 | ES-MaACL | ||
| 005 | 20230906171902.0 | ||
| 007 | t| | ||
| 008 | 040909s1983 sp ||||1| spa d | ||
| 100 | 1 |
_aGómez-Menor Fuentes, José. _958043 |
|
| 245 | 1 | 0 |
_aSantuarios Marianos de la Provincia de Toledo / _cpor José Gómez-Menor Fuentes. |
| 260 |
_aToledo : _bInstituto Provincial de Investigaciones y Estudios Toledanos, _c1983. |
||
| 300 |
_a53 p. : _bil. ; _c21 cm. |
||
| 490 | 1 |
_aTemas Toledanos ; _v27 |
|
| 710 | 2 |
_aInstituto Provincial de Investigaciones y Estudios Toledanos. _95217 |
|
| 830 | 0 |
_aTemas Toledanos ; _v27 _9181269 |
|
| 852 |
_aES-MaACL _jL-6384 _bR.106682 |
||
| 999 |
_c73658 _d73658 |
||